000 00647nam a22002177a 4500
003 UA-OsUOA
001 108392
007 ta
008 20141020b un ||||| |||| 00| 0 ukr d
100 _aМакарчук О.Г.
090 _a330(477)
_bМ15
942 _cSA
040 _aUA-OsUOA
_bukr
_cUA-OsUOA
_dUA-OsUOA
245 _aАналітична оцінка трендів споживання продовольства
300 _aС.3-7
955 _a0
041 _aukr
080 _a330(477)
773 0 _w108391
_tЕкономіка. Фінанси. Право.
_dК.
_d2014
_g10
650 7 _a330 Економіка взагалі
_2UDC
999 _c394473
_d394473